|
|
|
|
| LEADER |
01168nam a2200265 a 4500 |
| 001 |
32330 |
| 003 |
BD-DhAAL |
| 005 |
20180226160806.0 |
| 008 |
170503s2017 bg a b 001 0 eng |
| 999 |
|
|
|c 38579
|d 38579
|
| 040 |
|
|
|a BD-DhAAL
|
| 082 |
0 |
0 |
|a 307.1412095492
|2 23
|
| 245 |
0 |
0 |
|a BRAC annual report 2016
|
| 260 |
|
|
|a Dhaka :
|b BRAC,
|c 2017
|
| 300 |
|
|
|a 102 pages :
|b illustrations (some colors) ;
|c 29 cm.
|
| 526 |
|
|
|a AAL
|
| 541 |
1 |
|
|e 32330, 32331 & 32332
|
| 610 |
|
|
|a BRAC (Bangladesh)
|v Periodicals.
|9 21378
|
| 650 |
|
|
|a Rural development
|v Periodicals.
|z Bangladesh
|9 21379
|
| 710 |
2 |
|
|a BRAC
|9 251
|
| 852 |
4 |
|
|a Ayesha Abed Library
|j General shelf.
|
| 942 |
|
|
|2 ddc
|c BK
|
| 952 |
|
|
|0 0
|1 0
|2 ddc
|4 0
|6 307_141209549200000_BRA
|7 0
|9 61887
|a BRACUL
|b BRACUL
|c GEN
|d 2017-11-16
|e BRAC
|l 0
|o 307.1412095492 BRA
|p 3010032330
|r 2017-11-16
|t 1
|w 2017-11-16
|y BK
|
| 952 |
|
|
|0 0
|1 0
|2 ddc
|4 0
|6 307_141209549200000_BRA
|7 0
|9 61888
|a BRACUL
|b BRACUL
|c GEN
|d 2017-11-16
|e BRAC
|l 0
|o 307.1412095492 BRA
|p 3010032331
|r 2017-11-16
|t 2
|w 2017-11-16
|y BK
|
| 952 |
|
|
|0 0
|1 0
|2 ddc
|4 0
|6 307_141209549200000_BRA
|7 0
|9 61889
|a BRACUL
|b BRACUL
|c GEN
|d 2017-11-16
|e BRAC
|l 0
|o 307.1412095492 BRA
|p 3010032332
|r 2017-11-16
|t 3
|w 2017-11-16
|y BK
|